[Event "ChessOrg Schachfestival 2024 Bad Wörishofen"]
[White "Hackbarth, Christa"]
[Black "Hafner, Robert"]
[Site "Bad Woerishofen"]
[Round "8.36"]
[Annotator "wempe"]
[Result "0-1"]
[Date "2024.??.??"]
[WhiteElo "1833"]
[BlackElo "1953"]
[PlyCount "23"]
[GameId "2115098435807087"]
[EventDate "2024.03.15"]

1. d4 d5 2. Nf3 Nf6 3. Bf4 c6 4. c3 Bf5 5. Qb3 Qb6 6. Nbd2 h6 7. h3 e6 8. e3 Be7 9. Be2 Nbd7 10. O-O O-O 11. Rfe1 c5 12. c4 0-1

[Event "ChessOrg Schachfestival 2024 Bad Wörishofen"]
[White "Harsch, Martin"]
[Black "Bertz, Uwe"]
[Site "Bad Woerishofen"]
[Round "8.37"]
[Annotator "wempe"]
[Result "1/2-1/2"]
[Date "2024.??.??"]
[WhiteElo "1942"]
[BlackElo "1880"]
[PlyCount "39"]
[GameId "2115099303724920"]
[EventDate "2024.03.15"]

1. e4 c5 2. Nf3 d6 3. Bb5+ Bd7 4. Bxd7+ Nxd7 5. O-O Ngf6 6. Qe2 e6 7. c3 Be7 8. d4 O-O 9. h3 d5 10. e5 Ne4 11. Nbd2 f5 12. exf6 Ndxf6 13. Ne5 Rc8 14. Ndf3 cxd4 15. Nxd4 Qb6 16. Be3 Bc5 17. Rfe1 Qd6 18. Nd3 Bb6 19. Nb5 Qd8 20. Rad1 1/2-1/2

[Event "ChessOrg Schachfestival 2024 Bad Wörishofen"]
[White "Bauer, Wolfgang"]
[Black "Loibl, Johann"]
[Site "Bad Woerishofen"]
[Round "8.38"]
[Annotator "wempe"]
[Result "1/2-1/2"]
[Date "2024.??.??"]
[WhiteElo "1936"]
[BlackElo "1843"]
[PlyCount "34"]
[GameId "2115099806664577"]
[EventDate "2024.03.15"]

1. c4 e5 2. Nc3 f5 3. e4 Nf6 4. Nf3 Nc6 5. d4 exd4 6. Nxd4 Bb4 7. Nxf5 O-O 8. Be2 Qe8 9. Ng3 Kh8 10. Qd3 Bxc3+ 11. bxc3 b6 12. f4 d6 13. O-O Ba6 14. e5 dxe5 15. Bf3 Rd8 16. Qe2 Na5 17. fxe5 Bxc4 1/2-1/2

[Event "ChessOrg Schachfestival 2024 Bad Wörishofen"]
[White "Kastner, Reinhard"]
[Black "Willer, Walter"]
[Site "Bad Woerishofen"]
[Round "8.39"]
[Annotator "wempe"]
[Result "1/2-1/2"]
[Date "2024.??.??"]
[WhiteElo "1934"]
[BlackElo "1835"]
[PlyCount "52"]
[GameId "2115102145554340"]
[EventDate "2024.03.15"]

1. e4 e6 2. d4 d5 3. Nc3 Bb4 4. e5 c5 5. a3 Bxc3+ 6. bxc3 c4 7. Qg4 g6 8. Bg5 Qa5 9. Ne2 Nc6 10. h4 h5 11. Qf4 Nge7 12. Bf6 Rg8 13. Bxe7 Nxe7 14. Rh3 Bd7 15. Rf3 Nf5 16. g3 O-O-O 17. Bh3 Rde8 18. Bxf5 exf5 19. Qd2 Be6 20. Nf4 Qd8 21. Re3 Rh8 22. Nh3 Qe7 23. f4 Kd7 24. Kf2 Rb8 25. Ree1 Rhc8 26. Reb1 Rc7 1/2-1/2

[Event "ChessOrg Schachfestival 2024 Bad Wörishofen"]
[White "Helbig, Dieter"]
[Black "Cerpnjak, Mirko"]
[Site "Bad Woerishofen"]
[Round "8.40"]
[Result "0-1"]
[Date "2024.??.??"]
[WhiteElo "1905"]
[BlackElo "1839"]
[PlyCount "96"]
[GameId "2115102593898423"]
[EventDate "2024.03.15"]

1. c4 Nf6 2. Nc3 e5 3. g3 d5 4. cxd5 Nxd5 5. Bg2 Be6 6. Nf3 Nc6 7. Qa4 Nb6 8. Qd1 g6 9. O-O Bg7 10. d3 O-O 11. Ne4 h6 12. Rb1 Bxa2 13. Ra1 Be6 14. Nc5 Bc8 15. Nd2 Nd7 16. Nde4 b6 17. Nxd7 Bxd7 18. Nc3 a5 19. Nd5 Rb8 20. Qc2 Nd4 21. Qd1 Be6 22. Nc3 Qd7 23. Ra3 Rbd8 24. f4 Bh3 25. fxe5 Bxg2 26. Kxg2 g5 27. e4 Bxe5 28. Nd5 Qe6 29. Rc3 Rd7 30. Ne3 f5 31. Rc4 fxe4 32. Rxf8+ Kxf8 33. dxe4 Rf7 34. Rxd4 Bxd4 35. Qxd4 Qf6 36. Qxf6 Rxf6 37. b3 c5 38. Nd5 Rc6 39. Be3 b5 40. Kf3 c4 41. bxc4 b4 42. Nb6 b3 43. Bd4 Rxb6 44. Bb2 Rc6 45. Ke3 Rxc4 46. Kd3 Rc2 47. Ba3+ Kf7 48. h3 Rg2 0-1

[Event "ChessOrg Schachfestival 2024 Bad Wörishofen"]
[White "Ebner, Hermann"]
[Black "Lein, Andreas"]
[Site "Bad Woerishofen"]
[Round "8.41"]
[Annotator "wempe"]
[Result "1/2-1/2"]
[Date "2024.??.??"]
[WhiteElo "1903"]
[BlackElo "1831"]
[PlyCount "60"]
[GameId "2115103133788141"]
[EventDate "2024.03.15"]

1. d4 f5 2. Nc3 Nf6 3. Bg5 e6 4. e4 Be7 5. e5 Nd5 6. Bxe7 Nxe7 7. Qh5+ Ng6 8. Nf3 Nc6 9. a3 a6 10. Bd3 d6 11. O-O-O d5 12. g4 Nce7 13. Rhg1 c6 14. Ne2 Kd7 15. gxf5 exf5 16. Bxf5+ Nxf5 17. Qxf5+ Kc7 18. Qf7+ Kb6 19. Rg3 Rf8 20. Qxg7 Nf4 21. Nxf4 Rxf4 22. Rd3 Rb8 23. Rb3+ Ka7 24. Qh6 Rf7 25. Rg7 Rxg7 26. Qxg7 h5 27. h4 Bg4 28. Ng5 Qa5 29. Rb4 c5 30. dxc5 Qxc5 1/2-1/2

[Event "ChessOrg Schachfestival 2024 Bad Wörishofen"]
[White "Storkebaum, Ulrike"]
[Black "Hansch, Klaus -Michael"]
[Site "Bad Woerishofen"]
[Round "8.42"]
[Annotator "wempe"]
[Result "1/2-1/2"]
[Date "2024.??.??"]
[WhiteElo "1802"]
[BlackElo "1900"]
[PlyCount "77"]
[GameId "2115104015071428"]
[EventDate "2024.03.15"]

1. e4 d5 2. exd5 Nf6 3. Nf3 Nxd5 4. d4 c6 5. c4 Nb6 6. h3 Bf5 7. Nc3 e6 8. Be3 N8d7 9. Be2 Be7 10. O-O O-O 11. g4 Bg6 12. Ne5 Nxe5 13. dxe5 Qxd1 14. Raxd1 Bb4 15. f4 f5 16. g5 Rfd8 17. Nb1 Be7 18. a3 Rxd1 19. Rxd1 Rd8 20. Nc3 Rxd1+ 21. Nxd1 Nc8 22. b4 Be8 23. Nc3 b6 24. Bf3 Bd8 25. Ne2 Ne7 26. Nd4 Kf7 27. Kf2 Bd7 28. h4 g6 29. Nb3 Bc7 30. Ke2 Bc8 31. Kd2 Ke8 32. h5 Bd7 33. hxg6 hxg6 34. Kd3 Kf7 35. Kd2 Ke8 36. a4 a6 37. c5 b5 38. axb5 axb5 39. Nd4 1/2-1/2

[Event "ChessOrg Schachfestival 2024 Bad Wörishofen"]
[White "Moser, Andreas"]
[Black "Wulf, Juergen"]
[Site "Bad Woerishofen"]
[Round "8.44"]
[Annotator "wempe"]
[Result "0-1"]
[Date "2024.??.??"]
[WhiteElo "1819"]
[BlackElo "1885"]
[PlyCount "119"]
[GameId "2115105933786150"]
[EventDate "2024.03.15"]

1. e4 e5 2. Bc4 Bc5 3. Nf3 Nc6 4. c3 Nf6 5. d3 d6 6. Bb3 Bg4 7. h3 Bh5 8. Nbd2 Qe7 9. Nf1 O-O-O 10. Ba4 Nb8 11. b4 Bb6 12. Ng3 Bg6 13. Qe2 Nh5 14. Nxh5 Bxh5 15. g4 Bg6 16. Be3 Nd7 17. Bxd7+ Qxd7 18. Bxb6 axb6 19. c4 h5 20. g5 h4 21. Nd2 Bh5 22. f3 b5 23. Qd1 bxc4 24. dxc4 Rdg8 25. Qe2 f6 26. Qe3 b6 27. c5 bxc5 28. bxc5 d5 29. Qa3 Qc6 30. exd5 Qxd5 31. Qa6+ Kd7 32. O-O-O Ke7 33. gxf6+ gxf6 34. Ne4 Qe6 35. c6 Be8 36. Qa3+ Kf7 37. Rh2 Bxc6 38. Qc5 Bxe4 39. fxe4 Rc8 40. Rhd2 Rhe8 41. Qe3 Re7 42. Qh6 Qxh3 43. Rd3 Qg4 44. Qe3 Qg5 45. Rh1 Rh8 46. Kb1 Qxe3 47. Rxe3 Ke6 48. Rd3 Reh7 49. Rc3 f5 50. Rc6+ Kd7 51. Rhc1 fxe4 52. Rxc7+ Ke6 53. R7c6+ Kd5 54. R6c5+ Ke6 55. Rc6+ Kf7 56. Rc7+ Kg6 57. R7c6+ Kh5 58. Rg1 Rf8 59. Rcg6 Rf5 60. R6g4 0-1

[Event "ChessOrg Schachfestival 2024 Bad Wörishofen"]
[White "Speicher, Franz"]
[Black "Lie, Terje"]
[Site "Bad Woerishofen"]
[Round "8.45"]
[Annotator "wempe"]
[Result "1-0"]
[Date "2024.??.??"]
[WhiteElo "1885"]
[BlackElo "1594"]
[PlyCount "55"]
[GameId "2115107757870127"]
[EventDate "2024.03.15"]

1. e4 c5 2. Nf3 d6 3. d4 cxd4 4. Qxd4 Nc6 5. Qe3 Nf6 6. Nc3 g6 7. Bc4 Bg7 8. h3 O-O 9. O-O Bd7 10. Rd1 a6 11. a4 Rc8 12. Qe2 Nb4 13. Ne1 Qc7 14. Bb3 Be6 15. Nd5 Nfxd5 16. exd5 Bf5 17. c3 Bxc3 18. bxc3 Qxc3 19. Qb2 Bc2 20. Qxc3 Rxc3 21. Bxc2 Nxc2 22. Nxc2 Rxc2 23. Bh6 Rb8 24. Rac1 Rbc8 25. Rxc2 Rxc2 26. Rb1 Rc7 27. Rc1 Rd7 28. Rc8+ 1-0

[Event "ChessOrg Schachfestival 2024 Bad Wörishofen"]
[White "Sombetzki, Detlef"]
[Black "Krasnopeyeva, Yuliya"]
[Site "Bad Woerishofen"]
[Round "8.46"]
[Annotator "wempe"]
[Result "0-1"]
[Date "2024.11.25"]
[WhiteElo "1719"]
[BlackElo "1950"]
[PlyCount "48"]
[GameId "2115880117669976"]
[EventDate "2024.03.15"]

1. d4 Nf6 2. Bf4 g6 3. e3 Bg7 4. Nf3 d6 5. Nbd2 O-O 6. h3 Nfd7 7. c3 e5 8. Bh2 f5 9. Nc4 e4 10. Nfd2 Nc6 11. Be2 Nf6 12. O-O Ne7 13. Qb3 Kh8 14. Rac1 g5 15. f4 Bh6 16. Qd1 Ned5 17. Qe1 b5 18. Na3 Nxe3 19. Rf2 Nfd5 20. Nf1 a6 21. Nc2 gxf4 22. Bd1 Rg8 23. Kh1 Bb7 24. c4 bxc4 0-1

[Event "ChessOrg Schachfestival 2024 Bad Wörishofen"]
[White "Wunderlich, Frank"]
[Black "Marian, Hartmut"]
[Site "Bad Woerishofen"]
[Round "8.47"]
[Annotator "wempe"]
[Result "0-1"]
[Date "2024.??.??"]
[WhiteElo "1843"]
[BlackElo "1992"]
[PlyCount "58"]
[GameId "2115882552455549"]
[EventDate "2024.03.15"]

1. c4 c5 2. Nc3 Nf6 3. g3 d5 4. cxd5 Nxd5 5. Bg2 Nc7 6. d3 e5 7. Nf3 Nc6 8. a3 Be7 9. O-O O-O 10. Bd2 Be6 11. Rc1 Rc8 12. Ne4 Na6 13. Bc3 f6 14. h4 Qd7 15. Kh2 b6 16. Bd2 Nc7 17. Nc3 Rcd8 18. Ng1 Nd4 19. Be3 Nf5 20. Bh3 Nd4 21. Bxd4 exd4 22. Ne4 Nd5 23. Qd2 h6 24. Bxe6+ Qxe6 25. Qc2 f5 26. Nd2 f4 27. Ne4 fxg3+ 28. fxg3 Rxf1 29. Rxf1 Ne3 0-1

[Event "ChessOrg Schachfestival 2024 Bad Wörishofen"]
[White "Ellerbrock, Manfred"]
[Black "Svanholm, Borge Waaktaar"]
[Site "Bad Woerishofen"]
[Round "8.48"]
[Annotator "wempe"]
[Result "1/2-1/2"]
[Date "2024.??.??"]
[WhiteElo "1917"]
[BlackElo "1838"]
[PlyCount "108"]
[GameId "2115882619638167"]
[EventDate "2024.03.15"]

1. d4 Nf6 2. c4 e5 3. dxe5 Ng4 4. Nf3 Nc6 5. Qd5 Bb4+ 6. Nc3 Qe7 7. Bf4 Bxc3+ 8. bxc3 f6 9. exf6 Nxf6 10. Qd3 d6 11. e3 O-O 12. Be2 b6 13. O-O Bb7 14. Bg5 Qf7 15. Bxf6 Qxf6 16. Qd5+ Kh8 17. Nd4 Na5 18. Qe6 Qg5 19. Qg4 Qxg4 20. Bxg4 Nxc4 21. Bf3 Bxf3 22. Nxf3 Rae8 23. Rfd1 Rf5 24. Rd4 Rc5 25. Rc1 Ne5 26. Nxe5 Rexe5 27. Kf1 Kg8 28. Ke2 Ra5 29. Rc2 Rh5 30. h3 Kf7 31. Rf4+ Ke7 32. Rc4 Rac5 33. Rxc5 Rxc5 34. Kd3 Ke6 35. c4 h5 36. g4 g6 37. f4 Ra5 38. Kd4 c6 39. Rg2 hxg4 40. hxg4 Ra4 41. e4 b5 42. f5+ Kf7 43. Rc2 gxf5 44. gxf5 Kf6 45. Kd3 Ra3+ 46. Kd4 c5+ 47. Kd5 Rd3+ 48. Kc6 bxc4 49. Rxc4 Rd4 50. Rc2 c4 51. Kb5 Rxe4 52. Rxc4 d5 53. Rc7 Kxf5 54. Rxa7 Ke5 1/2-1/2

[Event "ChessOrg Schachfestival 2024 Bad Wörishofen"]
[White "Stein, Eugen"]
[Black "Zwetz, Anita"]
[Site "Bad Woerishofen"]
[Round "8.49"]
[Annotator "wempe"]
[Result "0-1"]
[Date "2024.??.??"]
[WhiteElo "1806"]
[BlackElo "1887"]
[PlyCount "66"]
[GameId "2115883890238318"]
[EventDate "2024.03.15"]

1. d4 d5 2. Nc3 c6 3. Bf4 Bf5 4. e3 e6 5. Bd3 Bxd3 6. cxd3 Qb6 7. Rb1 Nf6 8. h3 Nbd7 9. Nge2 Be7 10. O-O O-O 11. Qc2 Rac8 12. Rfc1 h6 13. Bh2 Qd8 14. Qa4 a6 15. a3 Re8 16. Qb3 b5 17. Qd1 a5 18. Na2 Nb6 19. Qd2 Nbd7 20. Rc2 c5 21. dxc5 Rxc5 22. Rxc5 Bxc5 23. b4 axb4 24. Nxb4 Qa5 25. Qb2 Ra8 26. d4 Bf8 27. g4 Qxa3 28. Qxa3 Rxa3 29. Nc6 Ra2 30. Nc3 Rc2 31. Rb3 b4 32. Nxb4 Bxb4 33. Rxb4 Rxc3 0-1

[Event "ChessOrg Schachfestival 2024 Bad Wörishofen"]
[White "Schnell, Franz"]
[Black "Kamm, Guenter"]
[Site "Bad Woerishofen"]
[Round "8.50"]
[Annotator "wempe"]
[Result "0-1"]
[Date "2024.??.??"]
[WhiteElo "1800"]
[BlackElo "1881"]
[PlyCount "66"]
[GameId "2115886525196208"]
[EventDate "2024.03.15"]

1. d4 Nf6 2. Nc3 c5 3. d5 d6 4. e4 g6 5. Nf3 Bg7 6. Bd3 O-O 7. h3 Na6 8. a3 Nc7 9. Be3 b5 10. O-O a5 11. Rb1 Bd7 12. Bf4 b4 13. axb4 axb4 14. Ne2 Bb5 15. Bxb5 Nxb5 16. Qd3 Ra5 17. Rfd1 Nd7 18. Nd2 Nd4 19. Nc4 Nxe2+ 20. Qxe2 Ra7 21. e5 dxe5 22. Bxe5 Nxe5 23. Nxe5 Bxe5 24. Qxe5 Qd6 25. Qe4 Rb8 26. Re1 Kf8 27. Rbd1 Ra2 28. Rb1 Rb7 29. Qd3 Rba7 30. g3 Qf6 31. Qe2 R7a6 32. Kg2 h5 33. Qc4 Qd6 0-1

[Event "ChessOrg Schachfestival 2024 Bad Wörishofen"]
[White "Di Lazzaro, Gabriele"]
[Black "Kumeth, Hartmut"]
[Site "Bad Woerishofen"]
[Round "8.51"]
[Annotator "wempe"]
[Result "1-0"]
[Date "2024.??.??"]
[WhiteElo "1880"]
[BlackElo "1830"]
[PlyCount "59"]
[GameId "2115888945514425"]
[EventDate "2024.03.15"]

1. e4 e5 2. Bc4 d6 3. Nf3 Be6 4. Bxe6 fxe6 5. d4 exd4 6. Nxd4 Qf6 7. O-O Nc6 8. Be3 Nxd4 9. Bxd4 e5 10. Be3 Be7 11. Nc3 c6 12. f4 b6 13. Qd3 O-O-O 14. Qc4 Kb7 15. a4 Nh6 16. fxe5 Qxe5 17. h3 d5 18. Qb3 d4 19. Bf4 Qc5 20. Nd1 g5 21. Bd2 Rhf8 22. Nf2 Rxf2 23. Rxf2 d3 24. cxd3 Qd4 25. Re1 Bc5 26. Be3 Qe5 27. Bxc5 Qxc5 28. Qc4 Qe5 29. Ref1 Rd7 30. Rf6 1-0

[Event "ChessOrg Schachfestival 2024 Bad Wörishofen"]
[White "Mitterholzer, Helmuth"]
[Black "Eschle, Hubert"]
[Site "Bad Woerishofen"]
[Round "8.52"]
[Annotator "wempe"]
[Result "0-1"]
[Date "2024.??.??"]
[WhiteElo "1644"]
[BlackElo "1860"]
[PlyCount "64"]
[GameId "2115893271259084"]
[EventDate "2024.03.15"]

1. e4 c5 2. Nf3 e6 3. c4 Nc6 4. d4 cxd4 5. Nxd4 Nf6 6. Nc3 d6 7. Nxc6 bxc6 8. Bd3 Rb8 9. O-O Be7 10. b3 e5 11. h3 O-O 12. Be3 a6 13. Rc1 Be6 14. Na4 d5 15. exd5 cxd5 16. Bc5 Bxc5 17. Nxc5 d4 18. f3 Bc8 19. Ne4 Nh5 20. Kh2 f5 21. Ng3 Nxg3 22. Kxg3 Qg5+ 23. Kh2 f4 24. Qe1 Rb6 25. g3 fxg3+ 26. Kg2 Bxh3+ 27. Kg1 Bxf1 28. Qxf1 g2 29. Qd1 Rh6 30. Kf2 Rh1 31. Qxh1 gxh1=Q 32. Rxh1 Qe3+ 0-1

[Event "ChessOrg Schachfestival 2024 Bad Wörishofen"]
[White "Schleime, Franz-Josef"]
[Black "Pichl, Michael"]
[Site "Bad Woerishofen"]
[Round "8.53"]
[Annotator "wempe"]
[Result "0-1"]
[Date "2024.??.??"]
[WhiteElo "1779"]
[BlackElo "1860"]
[PlyCount "48"]
[GameId "2115921230809045"]
[EventDate "2024.03.15"]

{[%evp 0,75,19,31,76,52,64,39,77,56,44,37,74,60,54,55,61,36,56,52,57,70,55,60,73,77,87,94,86,65,78,65,78,89,105,79,85,66,75,85,205,167,251,251,225,-78,-35,-51,-48,-125,0,-502,169,0,369,-137,-103,-443,-277,-597,99,303,303,384,99,445,497,-1337,-319,-700,-140,-16,29999,-1851,29999,-1317,-787,-1722]} 1. d4 g6 2. Nf3 Bg7 3. Bf4 d6 4. h3 Nd7 5. e4 e5 6. dxe5 dxe5 7. Bg3 Ne7 8. Bc4 O-O 9. O-O h6 10. Nc3 Nc6 11. Nd5 Nc5 12. Qe2 Ne6 13. c3 Qe8 14. Bb5 a6 15. Ba4 b5 16. Bc2 Bb7 17. a4 b4 18. a5 f5 19. Qc4 Kh7 20. exf5 gxf5 21. Nh4 e4 22. Bxe4 fxe4 23. Qxe4+ Kg8 24. Rfe1 Ncd8 0-1

[Event "ChessOrg Schachfestival 2024 Bad Wörishofen"]
[White "Bjorgvik, Jan Arne"]
[Black "Babenko, Aleksej"]
[Site "Bad Woerishofen"]
[Round "8.54"]
[Annotator "wempe"]
[Result "0-1"]
[Date "2024.??.??"]
[WhiteElo "1858"]
[BlackElo "1819"]
[PlyCount "120"]
[GameId "2115923582605294"]
[EventDate "2024.03.15"]

1. e4 e6 2. d4 d5 3. exd5 exd5 4. Nf3 Nf6 5. Bd3 c5 6. Qe2+ Qe7 7. Bb5+ Nc6 8. Qxe7+ Bxe7 9. Ne5 Bd7 10. Nxd7 Nxd7 11. dxc5 Bxc5 12. O-O O-O 13. Nc3 a6 14. Ba4 Nb6 15. Bb3 Rad8 16. Bf4 Rd7 17. Rad1 Nd4 18. Bg3 Nxb3 19. cxb3 h6 20. Rd3 f5 21. Be5 Re8 22. Bd4 Bxd4 23. Rxd4 Kf7 24. g3 Kf6 25. Rfd1 Red8 26. b4 Ke6 27. a4 Na8 28. a5 Nc7 29. Na4 Kf7 30. Nc5 Ne6 31. Nxd7 Nxd4 32. Nc5 Nc2 33. Nxb7 Rb8 34. Nc5 Nxb4 35. Na4 Rb5 36. Rc1 Rxa5 37. Rc7+ Kg6 38. b3 d4 39. Rd7 Rd5 40. Rxd5 Nxd5 41. Kf1 Kf6 42. Ke2 Nb4 43. f4 Ke6 44. Nb6 Kd6 45. Nc4+ Kd5 46. Nd2 Kc5 47. Nc4 Nc2 48. Nd2 Kb4 49. Kd3 Na1 50. Nc4 Nxb3 51. Nd6 g6 52. Nf7 a5 53. Ne5 a4 54. Kc2 a3 55. Kb1 Nc5 56. Nc6+ Kc3 57. Nxd4 Kxd4 58. Ka2 Ke4 59. Kxa3 Kf3 60. Kb4 Ne4 0-1

[Event "ChessOrg Schachfestival 2024 Bad Wörishofen"]
[White "Sakowski, Christian"]
[Black "Flockerzi, Armin"]
[Site "Bad Woerishofen"]
[Round "8.55"]
[Annotator "wempe"]
[Result "1/2-1/2"]
[Date "2024.??.??"]
[WhiteElo "1854"]
[BlackElo "1817"]
[PlyCount "76"]
[GameId "2115924926826490"]
[EventDate "2024.03.15"]

1. d4 d5 2. Nf3 Nf6 3. Bf4 g6 4. Nbd2 Bg7 5. e3 Nbd7 6. h3 c6 7. c4 dxc4 8. Bxc4 Nb6 9. Be2 O-O 10. O-O Nbd5 11. Be5 e6 12. a3 Nd7 13. Bxg7 Kxg7 14. Rc1 N5f6 15. Qb3 Qb6 16. Rfd1 Re8 17. Qa2 Nf8 18. Nc4 Qd8 19. Nce5 N8d7 20. Qc4 Qb6 21. b4 a6 22. a4 Nd5 23. Nxd7 Bxd7 24. Ne5 Re7 25. Rb1 Be8 26. Bf3 f6 27. Nd3 Rc8 28. e4 Nc7 29. Qc5 Qxc5 30. dxc5 e5 31. Nb2 Bf7 32. Bg4 Rce8 33. Be2 Be6 34. Nc4 Bxc4 35. Bxc4 Ne6 36. Bxe6 Rxe6 37. Rd7+ R6e7 38. Rbd1 Kf7 1/2-1/2

[Event "ChessOrg Schachfestival 2024 Bad Wörishofen"]
[White "Klimpel, Siegfried"]
[Black "Kurpiela, Franz"]
[Site "Bad Woerishofen"]
[Round "8.56"]
[Annotator "wempe"]
[Result "0-1"]
[Date "2024.??.??"]
[WhiteElo "1848"]
[BlackElo "1800"]
[PlyCount "74"]
[GameId "2116133664643076"]
[EventDate "2024.03.15"]

1. d4 Nf6 2. Bf4 e6 3. e3 b6 4. Nd2 Bb7 5. Ngf3 c5 6. c3 Nc6 7. Bd3 d6 8. O-O Be7 9. h3 h6 10. Qe2 g5 11. Bh2 g4 12. hxg4 Nxg4 13. e4 Nxh2 14. Kxh2 Qc7 15. d5 Nd8 16. Bb5+ Kf8 17. c4 a6 18. Ba4 Bf6 19. Rab1 b5 20. Bb3 b4 21. Rfe1 e5 22. Nf1 Bc8 23. Ne3 Bg5 24. Rh1 f6 25. Kg1 Qg7 26. Nh2 Rg8 27. Qf3 Nf7 28. Nf5 Bxf5 29. Qxf5 Bf4 30. Qh3 Ng5 31. Qg4 Qg6 32. g3 h5 33. Qd7 Nxe4 34. Bc2 Bxg3 35. Bxe4 Qxe4 36. Rc1 Bxh2+ 37. Kf1 Qxh1+ 0-1

[Event "ChessOrg Schachfestival 2024 Bad Wörishofen"]
[White "Schinnerl, Werner"]
[Black "Lachat, Martin"]
[Site "Bad Woerishofen"]
[Round "8.57"]
[Annotator "wempe"]
[Result "1-0"]
[Date "2024.??.??"]
[WhiteElo "1983"]
[BlackElo "1742"]
[PlyCount "57"]
[GameId "2116134792255502"]
[EventDate "2024.03.15"]

1. e4 e5 2. Bc4 Nf6 3. d3 Be7 4. Nf3 d6 5. c3 O-O 6. O-O Nc6 7. Bb3 h6 8. h3 Be6 9. Bc2 Qd7 10. Nh2 Nh7 11. d4 d5 12. dxe5 Nxe5 13. f4 Bc5+ 14. Kh1 Bxh3 15. gxh3 Ng6 16. Qxd5 Qxh3 17. Rf3 Qh4 18. Qxc5 Nf6 19. Qf2 Qh5 20. Qg1 Nh4 21. Rh3 Rfe8 22. e5 Nd5 23. Qf2 g5 24. Na3 Kh8 25. Bb3 Rad8 26. Be3 Nxe3 27. Qxe3 g4 28. Bxf7 gxh3 29. Bxh5 1-0

[Event "ChessOrg Schachfestival 2024 Bad Wörishofen"]
[White "Collins, Alan"]
[Black "Schmitt, Karl"]
[Site "Bad Woerishofen"]
[Round "8.58"]
[Annotator "wempe"]
[Result "0-1"]
[Date "2024.??.??"]
[WhiteElo "1743"]
[BlackElo "1906"]
[PlyCount "78"]
[GameId "2116135265814552"]
[EventDate "2024.03.15"]

1. d4 d6 2. Nf3 g6 3. c3 Bg7 4. e4 Nc6 5. Be3 e5 6. d5 Nce7 7. c4 Nf6 8. Nc3 Ng4 9. Bd2 f5 10. h3 Nf6 11. Bd3 O-O 12. Qe2 Nxe4 13. Nxe4 fxe4 14. Bxe4 Nf5 15. O-O Bd7 16. Rac1 b6 17. b4 Qe8 18. b5 a5 19. a4 Nh6 20. Rc3 Nf7 21. Nh2 Bh6 22. Bxh6 Nxh6 23. Rg3 Rf6 24. Qe3 Qf8 25. Ng4 Nxg4 26. hxg4 Rf4 27. f3 Qf7 28. Rc1 Rf8 29. Kh2 Kg7 30. Rc3 Rh8 31. Qe1 g5 32. Kg1 h5 33. gxh5 Qxh5 34. Kf2 Kf6 35. Rc1 Qh4 36. Ke3 Ke7 37. Bd3 Rf6 38. Ke2 Qf4 39. Rc3 Rfh6 0-1

[Event "ChessOrg Schachfestival 2024 Bad Wörishofen"]
[White "Cremonini, Stefano"]
[Black "Rothenhagen, Siegfried"]
[Site "Bad Woerishofen"]
[Round "8.60"]
[Annotator "wempe"]
[Result "1/2-1/2"]
[Date "2024.??.??"]
[WhiteElo "1734"]
[BlackElo "1836"]
[PlyCount "41"]
[GameId "2116143859030058"]
[EventDate "2024.03.15"]

1. d4 Nf6 2. Nf3 g6 3. Bg5 Bg7 4. Nbd2 d5 5. c3 O-O 6. e3 Bg4 7. Be2 Nbd7 8. h3 Bxf3 9. Nxf3 Re8 10. Bf4 e6 11. b4 Ne4 12. Qb3 Qc8 13. O-O a6 14. Rfd1 b5 15. a4 c6 16. Nd2 Nxd2 17. Rxd2 Nb6 18. axb5 axb5 19. Rda2 Qb7 20. Qc2 Rxa2 21. Rxa2 1/2-1/2

[Event "ChessOrg Schachfestival 2024 Bad Wörishofen"]
[White "Kleinhenz, Hans-Georg"]
[Black "Grandl, Klaus"]
[Site "Bad Woerishofen"]
[Round "8.61"]
[Annotator "wempe"]
[Result "1/2-1/2"]
[Date "2024.??.??"]
[WhiteElo "1833"]
[BlackElo "1726"]
[PlyCount "65"]
[GameId "2116144614688819"]
[EventDate "2024.03.15"]

1. d4 d5 2. Nf3 Nf6 3. g3 h6 4. Bg2 Bf5 5. O-O e6 6. c4 Be7 7. Nc3 c6 8. Nd2 O-O 9. e4 dxe4 10. Ndxe4 Nbd7 11. Qb3 Qb6 12. Qxb6 Nxb6 13. b3 Nbd7 14. Rd1 Nxe4 15. Nxe4 Nf6 16. Nxf6+ Bxf6 17. Be3 Rad8 18. Rd2 Rd7 19. c5 Rfd8 20. Rad1 g5 21. h3 Kg7 22. Kh2 g4 23. h4 h5 24. b4 a6 25. a4 Rc8 26. b5 axb5 27. axb5 cxb5 28. Rb2 Rcd8 29. Rxb5 Bxd4 30. Rxb7 Rxb7 31. Bxb7 e5 32. c6 Bb6 33. Rc1 1/2-1/2

[Event "ChessOrg Schachfestival 2024 Bad Wörishofen"]
[White "Niesswohl, Werner"]
[Black "Huber, Helmut"]
[Site "Bad Woerishofen"]
[Round "8.62"]
[Annotator "wempe"]
[Result "0-1"]
[Date "2024.??.??"]
[WhiteElo "1699"]
[BlackElo "1830"]
[PlyCount "58"]
[GameId "2116145688811595"]
[EventDate "2024.03.15"]

1. e4 c5 2. Nf3 d6 3. d4 cxd4 4. Nxd4 Nf6 5. Nc3 a6 6. f4 e5 7. fxe5 dxe5 8. Nf3 Qxd1+ 9. Nxd1 Nc6 10. Nc3 Bc5 11. Nd5 Nxd5 12. exd5 Nb4 13. Bd3 Nxd5 14. Nxe5 O-O 15. Nf3 Re8+ 16. Be2 Bg4 17. Bd2 Rad8 18. Rf1 h6 19. h3 Bd7 20. Ng1 Bxg1 21. Rxg1 Bb5 22. O-O-O Rxe2 23. Ba5 Rd7 24. b3 Ne3 25. Rxd7 Bxd7 26. Bd2 Be6 27. g4 Ng2 28. a4 Nh4 29. Kd1 Rxd2+ 0-1

[Event "ChessOrg Schachfestival 2024 Bad Wörishofen"]
[White "Ruf, Helmut"]
[Black "Weyand, Fernand"]
[Site "Bad Woerishofen"]
[Round "8.64"]
[Annotator "wempe"]
[Result "1/2-1/2"]
[Date "2024.??.??"]
[WhiteElo "1645"]
[BlackElo "1752"]
[PlyCount "40"]
[GameId "2116158482651264"]
[EventDate "2024.03.15"]

1. e4 c6 2. Nf3 d5 3. exd5 cxd5 4. Ne5 Nf6 5. d4 a6 6. c3 e6 7. Bd3 Be7 8. O-O O-O 9. Bg5 Nbd7 10. f4 h6 11. Bh4 Nh7 12. Bxe7 Qxe7 13. Nd2 Nxe5 14. fxe5 Bd7 15. Rf3 f5 16. exf6 Rxf6 17. Qe2 Raf8 18. Raf1 Be8 19. Rxf6 Rxf6 20. Nf3 Bh5 1/2-1/2

[Event "ChessOrg Schachfestival 2024 Bad Wörishofen"]
[White "Wagner, Werner"]
[Black "Beitz, Joanne"]
[Site "Bad Woerishofen"]
[Round "8.65"]
[Annotator "wempe"]
[Result "1-0"]
[Date "2024.??.??"]
[WhiteElo "1862"]
[BlackElo "1540"]
[PlyCount "85"]
[GameId "2116158852692211"]
[EventDate "2024.03.15"]

1. d4 f5 2. Nc3 Nf6 3. Bf4 e6 4. e3 Be7 5. Nf3 O-O 6. h3 Nc6 7. Be2 Nd5 8. O-O Nxf4 9. exf4 d5 10. Qd2 Bf6 11. Rad1 Bd7 12. a3 a6 13. Rfe1 Ne7 14. Bd3 Ng6 15. Ne2 Be8 16. c4 c6 17. c5 Nh4 18. Nxh4 Bxh4 19. Nc3 Bh5 20. Be2 Qe8 21. Qe3 Qg6 22. Bxh5 Qxh5 23. Qxe6+ Qf7 24. Kf1 h6 25. Rd3 Kh7 26. Qxf7 Rxf7 27. Re6 Raf8 28. g3 Bd8 29. Ke2 h5 30. Rde3 g6 31. Nb1 g5 32. Nd2 h4 33. gxh4 g4 34. hxg4 fxg4 35. R3e5 Bxh4 36. Rh5+ Kg8 37. Rxh4 Rxf4 38. Rg6+ Kf7 39. Rgxg4 Ke8 40. Rxf4 Rxf4 41. Rxf4 Kd7 42. Rf7+ Kc8 43. f4 1-0